| 000 | 00760aam a2200253 4500 | ||
|---|---|---|---|
| 005 | 20230613155647.0 | ||
| 008 | 150421b2003 xxu||||| |||| 00| 0 spa d | ||
| 041 | _aESP | ||
| 082 | _a004.67 K11d | ||
| 100 |
_aKaeo, Merike _980001 |
||
| 245 | _aDiseño de seguridad en redes | ||
| 260 |
_aEspaña _bCisco Press _c2003 |
||
| 300 | _a448 páginas | ||
| 650 |
_aREDES DE COMPUTADORES _980002 |
||
| 650 |
_aSEGURIDAD EN REDES _980003 |
||
| 650 |
_aTECNOLOGÍAS DE SEGURIDAD _980004 |
||
| 650 |
_aTCP/IP _980005 |
||
| 650 |
_aNORMAS DE SEGURIDAD CORPORATIVAS _980006 |
||
| 650 |
_aGESTION DE INCIDENTES _980007 |
||
| 650 |
_aPROTECCIÓN DE INFRAESTRUCTURA _980008 |
||
| 650 |
_aACCESO A INTERNET _980009 |
||
| 650 |
_aACCESO TELEFÓNICO _980010 |
||
| 942 | _cBK | ||
| 999 |
_c4877 _d4877 |
||